000 00575nam a2200229Ia 4500
003 OSt
005 20221007080253.0
006 a|||||r|||| 00| 0
007 ta
008 221006b |||||||| |||| 00| 0 eng d
024 _a21,143
037 _cTextual
040 _aFLL
_cFLL
_beng
041 _2eng
_aeng
082 _aZ2,94, P2
100 _aMonir M. Au.
245 0 _aLaw of evidence
260 _aNew Delhi
_bUniversal Law Pub. India
_c2002
300 _a1101p
_ccm.
942 _hZ2,94, P2
_cTEXL
_2CC
999 _c1158919
_d1158919